[Event "AUTO-INT-3954"]
[Site "http://www.queenalice.com/game.php?id=1866709"]
[Date "2025.12.7"]
[Round "1"]
[White "Rocio"]
[Black "kuntakinte"]
[Result "0-1"]
[WhiteElo "1520"]
[BlackElo "1697"]

1. e4 e5 2. Bc4 c6 3. Nf3 f6 4. h3 b5 5. Bb3 Bb7 6. d3 Bb4+ 7. c3 Ba5 8. Be3 Bb6
9. Bd2 a5 10. Qe2 Ba6 11. Rf1 a4 12. Bc2 Ne7 13. Na3 Ng6 14. O-O-O Nf4 15. Bxf4
exf4 16. h4 O-O 17. h5 h6 18. Nh4 Re8 19. Ng6 Bc7 20. Qg4 d5 21. f3 d4 22. cxd4
Qxd4 23. Kd2 Ba5+ 24. b4 Bxb4+ 25. Kc1 Bxa3+ 26. Kd2 Bb4+ 27. Kc1 Qa1+ 28. Bb1
Bc3 29. Rf2 Bd4 30. Rc2 Be3+ 31. Rdd2 Bxd2+ 32. Kxd2 Qxb1 33. Nxf4 Qb4+ 34. Ke2
Bc8 35. Ng6 Bxg4 36. fxg4 Nd7 37. d4 Rxe4+ 38. Kf3 Qxd4 39. Kg3 Rxg4+ 40. Kh2
Qd6+ 41. Kh3 Qg3# 0-1